The right thing to do : Basic readings in moral philosophy

The Right Thing To Do is a collection of readings in moral theory and moral issues from major Western philosophers. It is the successful companion reader for Rachels' text, The Elements of Moral Philosophy. This anthology explores further the theories and issues introduced in that volume, in th...

全面介绍

Đã lưu trong:
书目详细资料
格式: 图书
语言:Undetermined
出版: Boston McGraw-Hill 2003
主题:
标签: 添加标签
没有标签, 成为第一个标记此记录!
Thư viện lưu trữ: Trung tâm Học liệu Trường Đại học Cần Thơ
LEADER 01005nam a2200205Ia 4500
001 CTU_136596
008 210402s9999 xx 000 0 und d
020 |c 51.56 
082 |a 170 
082 |b R571 
245 4 |a The right thing to do : 
245 0 |b Basic readings in moral philosophy 
245 0 |c Edited by James Rachels 
260 |a Boston 
260 |b McGraw-Hill 
260 |c 2003 
520 |a The Right Thing To Do is a collection of readings in moral theory and moral issues from major Western philosophers. It is the successful companion reader for Rachels' text, The Elements of Moral Philosophy. This anthology explores further the theories and issues introduced in that volume, in their original and classic formulations. The collection can stand on its own as the text for a course in moral philosophy, or it can be used to supplement any introductory text. 
650 |a Đạo đức học,Ethics 
904 |i Giang 
980 |a Trung tâm Học liệu Trường Đại học Cần Thơ